000 00468nam a2200145Ia 4500
008 230917s9999||||xx |||||||||||||| ||und||
040 _e78971
_aMAIN
041 _aEnglish
082 _a340.115 S71S
100 _aSaraf, D N, ed
245 0 _aSocial policy, law and protection of wedver sections of society: proceedings of the papers presented at the UGC seminar university of Jammu
260 _aNew Delhi
_bEastern Book
_c1986
300 _axx, 663 p.
942 _cBK
999 _c61705
_d61705